| 000 | 00764nam a22002292 4500 | ||
|---|---|---|---|
| 001 | 0000024898 | ||
| 005 | 20151217152306.0 | ||
| 008 | 140324s xx 000 0 eng d | ||
| 020 | _a0521684569 : | ||
| 040 |
_aKABU _cKABU |
||
| 100 | 1 |
_aMcCarthy, Michael. _@0000185162 |
|
| 245 | 1 | 0 |
_aEnglish vocabulary in use : _bupper-intermediate / _cMichael McCarthy, Felicity O'Dell. |
| 250 | _aNew ed. | ||
| 260 |
_aCambridge : _bC. U. P., _c2001. |
||
| 300 | _a296 p. | ||
| 650 | 0 |
_aEnglish language _xTextbooks for foreign speakers. _@0000152039 |
|
| 650 | 0 |
_aVocabulary. _xProblems, exercises, etc. _@0000185163 |
|
| 700 | 1 |
_aO'Dell, Felicity. _@0000185164 |
|
| 852 | 1 | _9p2750 KES | |
| 908 | _a140324 | ||
| 950 | _@1 | ||
| 999 |
_c10410 _d10410 |
||